Statistics for 1969 year quiz

Click here to take the quiz!

General Stats

  • This quiz has been taken 44 times
  • The average score is 6 of 10

Answer Stats

HintAnswer% Correct
This man takes power in LibyaMuammar Gaddafi
93%
MIchael Collins watched his two fellow explorers walk hereThe Moon
88%
Max Yasgur hosts a rock concert at his farm near this townWoodstock
79%
James Earl Ray admits to killing this man the previous yearMartin Luther King
74%
The PLO makes this man its leaderYasser Arafat
74%
This man buys Britain's biggest-selling tabloidRupert Murdoch
65%
This cowardly great dane makes his first appearanceScooby Doo
56%
Gay men protest over a raid on this New York pubStonewall Inn
37%
Honduras and El Salvador start a war sparked by thisFootball
30%
British troops deploy hereNorthern Ireland
28%

Score Distribution

Percentile by Number Answered

Percent of People with Each Score

Your Score History

You have not taken this quiz